000 00995nam a2200265Ia 4500
003 OSt
005 20220923211538.0
006 a|||||r|||| 00| 0
007 ta
008 220922b |||||||| |||| 00| 0 hin d
020 _a9789383111930 (hbk)
_c300
024 _a354,092
037 _bG-942/21-22, 28/12/2021, hinohar Publisher & Distributors
_cTextual
040 _aARTS
_cARTS
_bhin
041 _2hin
_ahin
082 _aV2:51y7N07, 152R1
100 _aशर्मा, महेश, ले.
_9156363
245 0 _aअमर शहीद भगत सिंह
246 _aAmar shahīd bhagat sianha
260 _aनई दिल्ली
_b प्रतिभा प्रतिष्ठान
_c2021
300 _a143पृ.
_ccm.
650 _aभारत-इतिहास
_9156353
942 _hV2:51y7N07, 152R1
_cTEXL
_2CC
999 _c300664
_d300664